Management information systems : solving business problems with information technology /

保存先:
書誌詳細
第一著者: Post, Gerald V.
フォーマット: 図書
言語:English
出版事項: Boston : Irwin/McGraw-Hill, 2000.
版:2nd edition.
主題:
タグ: タグ追加
タグなし, このレコードへの初めてのタグを付けませんか!
Thư viện lưu trữ: Mạng thư viện Đại học Đà Nẵng
LEADER 00891cam a2200325 a 4500
001 000046311
003 5773
005 20070815105113.0
008 010220b2000 vm 000 eng
020 |a 0072297565 
040 |a IRC  |c IRC  |d IRC 
041 0 |a eng 
082 1 4 |a 658.4038  |b PO-G 
100 1 |a Post, Gerald V. 
245 1 0 |a Management information systems :  |b solving business problems with information technology /  |c Gerald V. Post. 
250 |a 2nd edition. 
260 |a Boston :  |b Irwin/McGraw-Hill,  |c 2000. 
300 |a xxii, 666 p. :  |b ill. 
630 0 4 |a Management information systems. 
650 0 4 |a Management information systems. 
OWN |a DUT 
999 |a From the UDN01 
TYP |a Monograph 
TYP |a Printed language 
980 |a Mạng thư viện Đại học Đà Nẵng